000 00797nam0a22002651 4500
001 rc\3624361
005 20130115144424.1
021 _aRU
_bРг2234-70
021 _aRU
_b69-11598
035 _a(NLR Aleph) 007719760
090 _a6938266
_c6938266
100 _a20130115d1969 |||y0rusy50 ca
101 0 _arus
102 _aRU
105 _aa z |||a|
200 1 _aПудель
_e[Стихи
_eКнижка-картинка]
_f[Рис. В. Таубера
210 _aМосква
_cМалыш
_d1969
215 _a1 л., слож. в [10] с.
_cил.
_d24
700 1 _aМаршак
_bС. Я.
_f1887-1964
_gСамуил Яковлевич
702 1 _aТаубер
_bВ.
_4440
801 0 _aRU
_bNLR
_gpsbo
801 1 _aRU
_bELAR
_2rusmarc
852 _aNLR
_j69-7/2569
942 _cBOOK
980 _aNB